Real Integration - Impact of the DCFTA on Trade Between Ukraine and the European Union

Analýza prvých rokov účinnosti Asociačnej dohody medzi Ukrajinou a EÚ so zameraním na ekonomickú časť - dohodu o voľnom obchode.

Salvato in:
Dettagli Bibliografici
Autore principale: Matuszak, Slawomir
Natura: Capitolo di libro
Lingua:inglese
Soggetti:
Tags: Aggiungi Tag
Nessun Tag, puoi essere il primo ad aggiungerne!!

MARC

LEADER 00000naa a2200000 4500
001 0262077
005 20200205150312.7
041 0 |a eng 
044 |a SK 
245 1 0 |a Real Integration - Impact of the DCFTA on Trade Between Ukraine and the European Union  |c Slawomir Matuszak 
520 |a Analýza prvých rokov účinnosti Asociačnej dohody medzi Ukrajinou a EÚ so zameraním na ekonomickú časť - dohodu o voľnom obchode. 
610 2 0 |a obchod medzinárodný 
610 2 0 |a dohody obchodné 
610 2 0 |a obrat obchodu zahraničného 
610 2 0 |a Ukrajina 
610 2 0 |a Európska únia 
100 1 |a Matuszak, Slawomir